000 00764cam a2200205 4500
001 1016
005 20181127162519.0
008 761216r19761944enk 000 0 eng
010 _a 76382475
020 _a0460004956
041 1 _aengsan
130 0 _aBhagavad-Gita.
_lEnglish.
245 1 4 _aThe Song of God, Bhagavad gita /
_ctranslated [from the Sanskrit] by Swami Prabhavananda and Christopher Isherwood ; with an introduction by Aldous Huxley.
260 _aNew York :
_bNew American Library,
_c1962.
300 _a143 p. ;
_b19 cm.
490 0 _aA Mentor Religious Classic
500 _aFirst ed. published in 1944 under title: Bhagavad-gita, the song of God.
700 0 _aPrabhavananda,
_cSwami,
_d1893-1976.
700 1 _aIsherwood, Christopher,
_d1904-1986.
999 _c719
_d719